Managerial accounting
This text merges ideas from production and service activities, computer-based information systems, quality management, cost management, global business, and ethics, into proven techniques and tools basic to business decision making
Wedi'i Gadw mewn:
| Prif Awdur: | |
|---|---|
| Fformat: | Llyfr |
| Iaith: | Undetermined |
| Cyhoeddwyd: |
Cincinnati, Ohio
South-Western College Pub.
1996
|
| Pynciau: | |
| Tagiau: |
Ychwanegu Tag
Dim Tagiau, Byddwch y cyntaf i dagio'r cofnod hwn!
|
| Thư viện lưu trữ: | Trung tâm Học liệu Trường Đại học Cần Thơ |
|---|
| LEADER | 00797nam a2200193Ia 4500 | ||
|---|---|---|---|
| 001 | CTU_186131 | ||
| 008 | 210402s9999 xx 000 0 und d | ||
| 082 | |a 658.151 | ||
| 082 | |b S688 | ||
| 100 | |a Sollenberger, Harold M. | ||
| 245 | 0 | |a Managerial accounting | |
| 245 | 0 | |c Harold M. Sollenberger, Arnold Schneider | |
| 260 | |a Cincinnati, Ohio | ||
| 260 | |b South-Western College Pub. | ||
| 260 | |c 1996 | ||
| 520 | |a This text merges ideas from production and service activities, computer-based information systems, quality management, cost management, global business, and ethics, into proven techniques and tools basic to business decision making | ||
| 650 | |a Managerial accounting,Kế toán quản trị | ||
| 910 | |a Hải | ||
| 980 | |a Trung tâm Học liệu Trường Đại học Cần Thơ | ||